Geography Quiz

Random Geography or World Quiz

Is It That Country? III Quiz Stats

Quiz Updated Mar 14, 2014

Challenge
Share
Tweet
Score 0/30 Timer 06:00
24 Plays Today
% Correct
Yes! (Australia)
99.5%
Yes! (Mexico)
98.8%
Not anymore! (Ireland)
96.2%
Yes! (Chile)
95%
No! (Turkey)
94.2%
Yes! (Vatican City)
92.2%
No! (Saudi Arabia)
91.7%
Yes! (Bahamas)
91.6%
Yes! (Morocco)
87.6%
No! (Papua New Guinea)
86.2%
Yes! (Somalia)
86%
Yes! (Bangladesh)
85.8%
We've found it! (Nauru)
81.8%
Yes! (Seychelles)
81.5%
Yes! (Moldova)
81.4%
% Correct
Yes! (Timor-Leste)
80.3%
No! (Burkina Faso)
78.7%
Yes! (Cyprus)
77.8%
No! (Afghanistan)
77%
No! (Costa Rica)
76.9%
No! (Austria)
75.6%
Yes! (Turkmenistan)
75.4%
No! (Iraq)
73.9%
No! (Libya)
73.7%
Yes! (Gabon)
71.3%
No! (Kenya)
70.1%
No! (Andorra)
64.2%
No! (Jamaica)
60.3%
No! (Myanmar)
55.2%
No! (Botswana)
50.2%

You're not logged in!

Compare scores with friends on all Sporcle quizzes.
Sign Up with Email
OR
Log In

You Might Also Like...

Show Comments

Extras

Top Quizzes Today


Score Distribution

Your Account Isn't Verified!

In order to create a playlist on Sporcle, you need to verify the email address you used during registration. Go to your Sporcle Settings to finish the process.